[Event "84th Annual Southwest Open"]
[Site "Irving"]
[Date "2018.09.02"]
[Round "6"]
[White "Huang, Max"]
[Black "Green, Austen"]
[Result "1/2-1/2"]
[WhiteElo "1805"]
[BlackElo "2066"]
[Annotator "NA RC"]
[PlyCount "101"]
[EventDate "2018.08.31"]
[EventType "swiss"]
[EventCountry "USA"]
[SourceTitle "playchess.com"]
[Source "ChessBase"]
[SourceQuality "1"]
[TimeControl "5400+30"]

1. e4 {[%emt 0:04:35]} e5 {[%emt 0:00:00]} 2. Nf3 {[%emt 0:00:08]} Nc6 {[%emt 0:00:00]} 3. Bc4 {[%emt 1:26:47]} Bc5 {[%emt 0:00:00]} 4. b4 {[%emt 0:00:00]} Bd6 {[%emt 0:16:29]} 5. O-O {[%emt 0:00:00]} Nf6 {[%emt 0:00:46]} 6. c3 {[%emt 0:00:00]} O-O {[%emt 0:05:09]} 7. d3 {[%emt 0:00:00]} a5 {[%emt 0:04:58]} 8. b5 {[%emt 0:00:00]} Ne7 {[%emt 0:00:35]} 9. d4 {[%emt 0:00:00]} Ng6 {[%emt 0:01:47]} 10. dxe5 {[%emt 0:00:00]} Bxe5 {[%emt 0:17:21]} 11. Nxe5 {[%emt 0:00:00]} Nxe5 {[%emt 0:00:05]} 12. Bb3 {[%emt 0:00:00]} d6 {[%emt 0:02:05]} 13. f4 {[%emt 0:00:00]} Ng6 {[%emt 0:02:46]} 14. Bc2 {[%emt 0:00:00]} Re8 {[%emt 0:04:05]} 15. Qd4 {[%emt 0:00:00]} c5 {[%emt 0:06:31]} 16. Qa4 {[%emt 0:00:00]} b6 {[%emt 0:01:21]} 17. f5 {[%emt 0:00:00]} Ne5 {[%emt 0:00:50]} 18. Bg5 {[%emt 0:00:00]} h6 {[%emt 0:01:38]} 19. Bh4 {[%emt 0:00:00]} Neg4 {[%emt 0:01:34]} 20. h3 {[%emt 0:00:00]} Ne5 {[%emt 0:04:43]} 21. Nd2 {[%emt 0:00:00]} Bb7 {[%emt 0:01:41]} 22. Rad1 {[%emt 0:00:00]} d5 {[%emt 0:09:15]} 23. exd5 {[%emt 0:00:00]} Qxd5 {[%emt 0:04:00]} 24. Ne4 {[%emt 0:00:00]} Qc4 {[%emt 0:01:56]} 25. Nd6 {[%emt 0:00:00]} Qxa4 {[%emt 0:05:51]} 26. Bxa4 {[%emt 0:00:00]} Ne4 {[%emt 0:04:58]} 27. Nxe8 {[%emt 0:00:00]} Rxe8 {[%emt 0:01:04]} 28. Rd8 {[%emt 0:00:00]} Rxd8 {[%emt 0:00:13]} 29. Bxd8 {[%emt 0:00:00]} Nxc3 {[%emt 0:00:04]} 30. Bc2 {[%emt 0:00:00]} Nxb5 {[%emt 0:01:23]} 31. Bxb6 {[%emt 0:00:00]} Nd4 {[%emt 0:00:42]} 32. Bb3 {[%emt 0:00:00]} Ne2+ {[%emt 0:00:49]} 33. Kh2 {[%emt 0:00:00]} c4 {[%emt 0:01:04]} 34. Re1 {[%emt 0:00:00]} cxb3 {[%emt 0:00:33]} 35. Rxe2 {[%emt 0:00:00]} bxa2 {[%emt 0:00:04]} 36. Rxa2 {[%emt 0:00:00]} Nc4 {[%emt 0:00:18]} 37. Bxa5 {[%emt 0:00:00]} Nxa5 {[%emt 0:01:11]} 38. Rxa5 {[%emt 0:00:00]} Be4 {[%emt 0:00:03]} 39. Re5 {[%emt 0:00:00]} Bc2 {[%emt 0:00:17]} 40. Kg3 {[%emt 0:00:00]} g6 {[%emt 0:01:14]} 41. f6 {[%emt 0:00:00]} Bb3 {[%emt 0:00:16]} 42. h4 {[%emt 0:00:00]} Kh7 {[%emt 0:00:38]} 43. Kf4 {[%emt 0:00:00]} Ba2 {[%emt 0:00:35]} 44. g4 {[%emt 0:00:00]} Bb3 {[%emt 0:00:35]} 45. g5 {[%emt 0:00:00]} hxg5+ {[%emt 0:00:23]} 46. hxg5 {[%emt 0:00:00]} Kg8 {[%emt 0:00:06]} 47. Re8+ {[%emt 0:00:00]} Kh7 {[%emt 0:00:05]} 48. Ke5 {[%emt 0:00:00]} Bc4 {[%emt 0:00:49]} 49. Kd6 {[%emt 0:00:00]} Bb5 {[%emt 0:00:18]} 50. Rf8 {[%emt 0:00:00]} Be8 {[%emt 0:00:13]} 51. Ke7 {[%emt 0:00:00]} 1/2-1/2

[Event "84th Annual Southwest Open"]
[Site "Irving"]
[Date "2018.09.03"]
[Round "7"]
[White "Xiong, Jeffery"]
[Black "Kovalyov, Anton"]
[Result "1/2-1/2"]
[WhiteElo "2650"]
[BlackElo "2644"]
[Annotator "TA"]
[PlyCount "86"]
[EventDate "2018.08.31"]
[EventType "swiss"]
[EventCountry "USA"]
[SourceTitle "playchess.com"]
[Source "ChessBase"]
[SourceQuality "1"]

{[%evp 21,86,38,41,32,20,19,86,78,70,41,74,33,53,58,64,76,74,58,89,108,128,87,95,83,94,89,82,81,84,79,79,61,95,96,102,63,63,64,77,63,51,9,12,8,24,4,6,0,0,0,0,0,18,10,17,0,20,0,0,0,0,0,0,0,0,0,5]} 1. e4 c5 2. Nf3 d6 3. d4 cxd4 4. Nxd4 Nf6 5. Nc3 a6 6. h3 e5 7. Nde2 h5 {B90: Sicilian Najdorf: Unusual White 6th moves, 6 Be3 Ng4 and 6 Be3 e5} 8. Bg5 Be7 9. Ng3 g6 10. Bc4 Be6 11. Bb3 Nbd7 {LiveBook: 9 Games} 12. Qf3 Nc5 $146 ({Predecessor:} 12... Rc8 13. Nf1 Nb6 14. Ne3 Nh7 15. Bxe7 Qxe7 {½-½ (43) Kryvoruchko,Y (2679)-Ftacnik,L (2544) Czechia 2012}) 13. O-O-O Nfd7 (13... b5 $11 {keeps the balance.}) 14. Bxe7 $16 Qxe7 15. Qe3 Rc8 16. f4 exf4 17. Qxf4 Bxb3 18. axb3 Qe5 19. Qf3 Qg5+ 20. Kb1 Rc6 21. h4 Qd8 22. Nd5 Ne5 23. Nf6+ Kf8 24. Qf2 Ncd7 25. Nxd7+ Nxd7 26. Rhf1 {[%csl Gf1][%cal Rf2f7]} Qe7 {[#]} 27. Ne2 $1 Kg7 28. Nd4 {aiming for Qg3.} Rc7 29. Qg3 {Strongly threatening Nf5+.} Kh7 30. Nf3 Ne5 31. Nxe5 (31. Rd5 {seems wilder.} f6 32. Nxe5 fxe5 33. Qd3 Rc6 34. g3) 31... Qxe5 32. Qxe5 dxe5 $14 {[%mdl 4096] Endgame KRR-KRR} 33. Rd5 Re8 {The position is equal.} 34. c4 Kg7 35. Kc2 Re6 36. Kc3 f6 37. b4 Rf7 38. Re1 f5 39. exf5 Rxf5 40. Rd7+ Rf7 41. Rd5 Rf5 42. Rd7+ Rf7 43. Rd5 Rf5 {Precision: White = 47%, Black = 63%.} 1/2-1/2

[Event "84th Annual Southwest Open"]
[Site "Irving"]
[Date "2018.09.03"]
[Round "7"]
[White "Baryshpolets, Andrey"]
[Black "Patel, Advait"]
[Result "1/2-1/2"]
[WhiteElo "2609"]
[BlackElo "2475"]
[Annotator "TA"]
[PlyCount "62"]
[EventDate "2018.08.31"]
[EventType "swiss"]
[EventCountry "USA"]
[SourceTitle "playchess.com"]
[Source "ChessBase"]
[SourceQuality "1"]

{[%evp 39,62,0,97,82,79,69,77,72,69,0,0,0,0,-25,-15,-42,0,0,0,0,0,0,0,0,0]} 1. d4 Nf6 2. c4 g6 3. Nc3 Bg7 4. g3 O-O 5. Bg2 d6 6. Nf3 Nc6 7. O-O Rb8 8. d5 Na5 9. Nd2 c5 10. Qc2 a6 11. b3 b5 12. Bb2 bxc4 13. bxc4 Bh6 14. f4 e5 15. dxe6 Bxe6 16. Nd5 Rxb2 17. Qxb2 Bg7 18. Qc1 Bxd5 19. Bxd5 Nxd5 20. cxd5 Qf6 {LiveBook: 3 Games. E66: King's Indian: Fianchetto: 6...c5 7 0-0 Nc6 8 d5} (20... c4 $1 $11 {remains equal.}) 21. Qc2 $16 Qd4+ 22. Kg2 {[#]} Qxd5+ $146 {White is slightly better.} ({Predecessor:} 22... Re8 23. e4 f5 24. Rad1 fxe4 25. Rfe1 e3 26. Nf1 Qc4 27. Qxc4 Nxc4 28. Rc1 {1-0 (44) Izeta Txabarri,F (2490)-Pavlovic,M (2505) Ubeda 1997}) 23. e4 Qc6 24. Rae1 (24. Rac1 $1 $14) 24... c4 $1 $11 25. Nf3 c3 26. h4 Rb8 27. Rb1 Re8 {[%mdl 1024] Black has compensation.} 28. Rfe1 {The position is equal.} Nc4 {[#] aiming for ...Na3.} 29. Rb3 {Hoping for e5!} Na5 30. Rbb1 Nc4 {And now ...Na3 would win.} 31. Rb3 {With the idea e5!} Na5 1/2-1/2

[Event "84th Annual Southwest Open"]
[Site "Irving"]
[Date "2018.09.03"]
[Round "7"]
[White "Sadorra, Julio Catalino"]
[Black "Arribas Lopez, Angel"]
[Result "1/2-1/2"]
[WhiteElo "2555"]
[BlackElo "2460"]
[Annotator "TA"]
[PlyCount "25"]
[EventDate "2018.08.31"]
[EventType "swiss"]
[EventCountry "USA"]
[SourceTitle "playchess.com"]
[Source "ChessBase"]
[SourceQuality "1"]

{[%evp 18,25,51,42,64,67,73,70,78,76]} 1. Nf3 d6 2. d4 Nf6 3. c4 g6 4. Nc3 Bg7 5. e4 Bg4 6. Be2 O-O 7. Be3 Nfd7 8. O-O a5 {E91: Königsindisch (Klassisches System)} (8... Nc6 9. d5 Bxf3 10. Bxf3 Na5 11. Be2 Bxc3 12. bxc3 e5 13. dxe6 fxe6 14. f4 Qe7 15. Rb1 b6 16. Qc2 Rf7 17. Rf2 Nc5 18. Bxc5 dxc5 19. e5 Rd8 20. g3 Qe8 21. Rff1 Rfd7 {½-½ (64) Nguyen,N (2629)-Akopian,V (2675) Doha 2016}) 9. a3 e5 10. d5 {LiveBook: 6 Partien} Bf6 11. Qd2 $146 ({Vorgänger:} 11. Ne1 Bxe2 12. Qxe2 Bg5 13. Nd3 Bxe3 14. Qxe3 Qe7 15. b4 Na6 16. Rfc1 f5 17. f3 f4 {0-1 (45) Kambrath,Y (2362)-Arribas Lopez,A (2521) Dallas 2016}) 11... Nc5 12. Bxc5 {[#] Le3 ist eine echte Drohung.} dxc5 13. Rad1 1/2-1/2

[Event "84th Annual Southwest Open"]
[Site "Irving"]
[Date "2018.09.03"]
[Round "7"]
[White "Shtembuliak, Evgeny"]
[Black "Wheeler, Cameron"]
[Result "0-1"]
[WhiteElo "2518"]
[BlackElo "2406"]
[Annotator "TA"]
[PlyCount "60"]
[EventDate "2018.08.31"]
[EventType "swiss"]
[EventCountry "USA"]
[SourceTitle "playchess.com"]
[Source "ChessBase"]
[SourceQuality "1"]

{[%evp 21,60,5,4,6,19,18,81,80,84,81,76,51,86,76,71,7,0,-19,33,-13,-39,-53,-50,-45,-25,-599,-591,-710,-707,-704,-675,-687,-683,-737,-725,-691,-678,-675,-631,-1522,-1482]} 1. c4 e5 2. Nc3 Nc6 3. e3 Nf6 4. Nf3 d5 5. cxd5 Nxd5 6. Bb5 Nxc3 7. bxc3 Bd6 8. d4 e4 {A28: English Opening: Four Knights Variation} (8... Bd7 9. O-O Qe7 10. e4 O-O 11. Re1 Nxd4 12. Nxd4 exd4 13. Bxd7 Qxd7 14. cxd4 Bb4 15. Re3 Rad8 16. Bb2 Bc5 17. Rd3 {0-1 (66) Howell,D (2676)-Malakhov,V (2686) Riadh 2017}) 9. Nd2 Qg5 10. Bf1 Qg6 11. g3 O-O {LiveBook: 3 Games} 12. Bg2 f5 13. O-O {[%cal Bh1f1,Bf1f3,Bf3d3][%mdl 32]} Qf7 $146 (13... Be6 $11) ({Predecessor:} 13... a6 14. a4 Be6 15. f3 exf3 16. Nxf3 Bc4 17. Nh4 Qg4 18. Bf3 Qh3 19. Bg2 Qg4 20. Bf3 Qh3 21. Bg2 {½-½ (21) Faldon,D (1911)-Keddie,D (2072) Llandudno 2017}) 14. f3 $16 exf3 15. Rxf3 Be6 16. e4 Qh5 17. e5 Be7 18. Bb2 ({White should play} 18. Qc2 $16) 18... Rad8 $11 19. Qe1 b5 (19... Na5 $11) 20. Rd3 Bd5 21. a4 Bxg2 22. Kxg2 f4 $40 {[%mdl 128] Threatens to win with ...Nxe5! Black has some attack.} 23. Qe4 $2 {[%mdl 8192] [#]} (23. Nf3 $11 {and White stays safe.}) 23... Nxe5 $1 $19 {[%mdl 512] Black is clearly winning.} 24. dxe5 {[#] Hoping for Rxd8.} Rxd3 $1 25. Qxd3 Rd8 26. Qxd8+ Bxd8 27. Nf3 Qf5 28. Rd1 Be7 29. axb5 g5 30. e6 Qe4 {Precision: White = 22%, Black = 52%.} 0-1

[Event "84th Annual Southwest Open"]
[Site "Irving"]
[Date "2018.09.03"]
[Round "7"]
[White "Berczes, David"]
[Black "Li, Ben"]
[Result "1/2-1/2"]
[WhiteElo "2501"]
[BlackElo "2324"]
[Annotator "TA"]
[PlyCount "82"]
[EventDate "2018.08.31"]
[EventType "swiss"]
[EventCountry "USA"]
[SourceTitle "playchess.com"]
[Source "ChessBase"]
[SourceQuality "1"]

{[%evp 23,82,38,45,35,50,24,46,54,37,36,39,40,26,31,31,31,33,31,31,38,68,66,52,68,63,0,0,-5,22,17,25,28,26,-114,-102,-137,-148,-145,-110,-110,-103,-106,-101,-259,-260,-287,-287,-287,-287,-287,-287,-298,-298,-298,-298,-289,-289,-287,-247,-378,-247]} 1. d4 d5 2. c4 e6 3. Nf3 Nf6 4. g3 dxc4 5. Bg2 Bd7 6. Ne5 Bc6 7. Nxc6 Nxc6 8. O-O Qd7 9. e3 Rb8 10. Qe2 b5 {E04: Open Catalan: 5 Nf3} 11. b3 cxb3 12. axb3 Rb6 {LiveBook: 19 Games. White is slightly better.} 13. Rd1 a6 14. Nc3 Be7 {[#]} 15. d5 $146 ({Predecessor:} 15. Bb2 Nb4 16. e4 O-O 17. Bh3 Qe8 18. Na2 {1-0 (36) Petursson,M (2560)-Polgar,S (2415) Aarhus 1993}) 15... exd5 $1 16. Bxd5 Bd6 17. Bg2 O-O 18. e4 Qe6 19. Be3 Rbb8 $1 20. Rxa6 Nb4 21. Raa1 {[%cal Ba6a1,Ba1c1,Bc1c3][%mdl 32]} Be5 22. Rac1 Bxc3 $1 23. Rxc3 Nxe4 24. Bxe4 ({White should try} 24. Rcc1 $1 $14 Rbd8 25. Rxd8 (25. Qxb5 Rxd1+ 26. Rxd1 Nc3 $17) (25. Rxc7 Nd5 $17) 25... Rxd8 26. Qxb5) 24... Qxe4 $11 25. Rd4 Qe7 26. Qh5 g6 27. Qh6 f6 $1 28. Rh4 (28. Qf4 $11 {remains equal.} Na6 29. Rc6) 28... Rf7 29. Kg2 {Black must now prevent Bc5.} Nd5 30. Bc5 Qe2 31. Rf3 Ra8 {[%cal Bb8a8,Ba8a2,Ba2c2][%mdl 32] Hoping for ...Ra1.} 32. Qc1 Ra2 $36 {[%mdl 2048] Black is really pushing.} 33. Rd4 $2 {[#]} (33. b4 $17) 33... Rc2 $1 $19 {[%cal Rc2c1]} 34. Qxc2 Qxc2 35. Rxd5 Qe4 36. Rdd3 g5 {Strongly threatening ...g4.} 37. Kg1 {[#]} Rd7 $1 {[%mdl 512]} 38. Rxd7 Qxf3 39. b4 h5 40. Rd4 Kf7 41. Ba7 (41. h4 $142) 41... Ke6 {Precision: White = 47%, Black = 76%.} 1/2-1/2

[Event "84th Annual Southwest Open"]
[Site "Irving"]
[Date "2018.09.03"]
[Round "7"]
[White "Reshef, Omer"]
[Black "Popilski, Gil"]
[Result "1/2-1/2"]
[WhiteElo "2497"]
[BlackElo "2491"]
[Annotator "TA"]
[PlyCount "103"]
[EventDate "2018.08.31"]
[EventType "swiss"]
[EventCountry "USA"]
[SourceTitle "playchess.com"]
[Source "ChessBase"]
[SourceQuality "1"]

{[%evp 16,103,0,0,35,25,27,25,32,30,35,16,6,2,11,2,28,22,18,25,40,9,25,0,20,0,20,17,17,17,17,18,34,33,38,17,33,34,27,14,27,26,29,37,37,42,35,35,40,39,47,37,28,34,33,21,13,28,17,19,27,45,47,61,119,95,89,87,100,78,60,0,0,0,0,0,0,0,0,0,0,0,0,0,0,0,0,0,0,0]} 1. e4 e6 2. d4 d5 3. Nd2 a6 4. Ngf3 c5 5. c3 cxd4 6. cxd4 dxe4 7. Nxe4 Nc6 8. Bd3 Bb4+ {C07: Französische Verteidigung (Tarrasch-Variante)} 9. Bd2 {LiveBook: 3 Partien} Nf6 10. O-O Bxd2 {Weiß hat minimalen Vorteil.} 11. Qxd2 O-O 12. Rac1 Bd7 13. Nc5 $146 ({Vorgänger:} 13. Rfd1 Nd5 14. Nc5 Rb8 15. a3 Nce7 16. Ne5 {0-1 (29) Yemelin,V (2529)-Kasimdzhanov,R (2670) Tallinn 2006}) 13... Rb8 14. Rfd1 Ne7 15. Ne5 Ned5 16. a4 Qe7 17. Bc4 Be8 18. b3 h6 19. h3 Qd6 20. Be2 Bd7 21. Bf3 Rfd8 22. Ncxd7 Nxd7 23. Nc4 {[%cal Be5c4,Bc4e3,Be3f5][%mdl 32]} Qf8 24. Bxd5 exd5 25. Ne3 Nf6 26. Nf5 Ne4 27. Qf4 Ng5 $1 28. Qe5 Ne6 29. Rd3 g6 30. Rg3 Kh7 31. Qxe6 fxe6 32. Rc7+ Kh8 33. Ne7 Qf6 34. Nxg6+ Kg8 35. Ne5+ Kf8 36. Rg6 {[#]} Qxg6 $1 37. Nxg6+ $11 {[%mdl 4096] Endspiel KTT-KTS} Kg8 38. g4 Rd6 39. h4 e5 {[#]} (39... Rbd8 $1 $14) 40. Ne7+ $1 $16 Kf8 41. dxe5 Re6 42. Nxd5 {zielt auf Th7 ab.} Rxe5 43. Nf4 ({Günstiger ist} 43. Rh7 $14 Rbe8 44. Nf6) 43... Re4 $11 {Die Stellung ist ausgeglichen.} 44. Ng6+ Kg8 45. g5 hxg5 46. h5 {Droht Matt per h6.} Re6 47. Kg2 b5 48. a5 Rd8 49. Ne7+ Kh8 50. Ng6+ Kg8 51. Ne7+ Kh8 52. Ng6+ {Precision: Weiß = 68%, Schwarz = 65%.} 1/2-1/2

[Event "84th Annual Southwest Open"]
[Site "Irving"]
[Date "2018.09.03"]
[Round "7"]
[White "Drozdowski, Kacper"]
[Black "Guo, Arthur"]
[Result "1-0"]
[WhiteElo "2489"]
[BlackElo "2283"]
[Annotator "TA"]
[PlyCount "133"]
[EventDate "2018.08.31"]
[EventType "swiss"]
[EventCountry "USA"]
[SourceTitle "playchess.com"]
[Source "ChessBase"]
[SourceQuality "1"]

{[%evp 15,133,27,53,49,54,44,61,48,49,54,49,43,58,55,77,67,63,40,47,47,47,45,38,52,46,38,47,31,39,20,23,0,0,-9,5,5,5,5,5,0,5,5,5,5,5,5,5,5,5,5,5,5,5,5,5,0,12,5,5,0,5,0,5,5,5,5,5,5,5,5,5,5,5,5,5,4,8,12,28,15,36,37,40,34,19,21,28,33,154,141,221,231,238,241,231,239,239,230,223,214,325,324,467,459,540,540,772,770,985,1021,1017,1006,980,985,985,970,970,959,29990,29991]} 1. e4 c5 2. Nf3 d6 3. d4 cxd4 4. Nxd4 Nf6 5. f3 a6 6. c4 e6 7. Nc3 Be7 8. Be3 {B55: Sicilian: 2...d6 3 d4 cxd4 4 Nxd4 Nf6 5 f3} (8. Be2 O-O 9. O-O Nc6 10. Be3 d5 11. cxd5 exd5 12. Nxc6 bxc6 13. exd5 Nxd5 14. Nxd5 cxd5 15. Bd4 a5 16. Rc1 Be6 17. Rc3 Bf6 18. Qd2 Bxd4+ 19. Qxd4 {½-½ (33) Rublevsky,S (2677)-Naiditsch,A (2663) Odessa 2007}) 8... Qc7 {LiveBook: 19 Games} 9. Qd2 (9. Rc1 {looks sharper.} Nc6 10. Be2 Bd7 11. O-O O-O 12. Nb3) 9... Nc6 10. Rc1 {White is slightly better.} Nxd4 11. Bxd4 O-O 12. Be2 b6 13. O-O Bd7 14. Rfd1 Qb7 $146 ({Predecessor:} 14... Rfd8 15. f4 Qb7 16. Bf3 Bc6 17. Qe2 b5 18. cxb5 axb5 19. a3 Rab8 20. Bxf6 Bxf6 21. Na2 {½-½ (32) Waelzel,H (2237)-Dehlinger,A (2243) Bayern 2012}) 15. a4 a5 16. Bf1 Bc6 17. Qf2 Nd7 18. Qg3 {[%csl Gd4][%cal Rg3g7] [#]} g6 19. Bd3 Rad8 20. Bc2 Nc5 21. Kh1 Rfe8 22. Rf1 Bf8 23. Rce1 Bg7 24. Rd1 Bxd4 25. Rxd4 e5 26. Rd2 Ne6 27. Ne2 Nc5 28. b3 Qe7 29. Rfd1 Rd7 30. Qf2 Red8 31. Qe3 Kg7 32. Nc3 Qe6 33. Rb1 Rb8 34. Bd3 Qe7 35. Bc2 Qe6 36. Ne2 Qe7 37. Rbd1 Rbd8 38. Qf2 Qf6 39. Kg1 Bb7 40. Qe3 Bc6 41. Rf1 Re8 42. Bd1 Qh4 43. Ng3 Kg8 44. Bc2 Re6 45. Rdf2 Rde7 46. Ne2 {[%cal Bg3e2,Be2c3,Bc3d5][%mdl 32]} Bb7 47. Nc3 Bc6 48. g3 Qh3 49. Nd5 Rb7 50. f4 {Threatens to win with f5.} Bxd5 51. cxd5 exf4 (51... Ree7 $14) 52. Rxf4 $16 {[%cal Bf2f4,Bf4h4,Bh4h5][%mdl 32]} ({Stronger than} 52. Qxf4 Re5 $11) 52... Re5 (52... Re8 $16) 53. Rh4 $18 Qd7 54. Qh6 f6 55. Rxf6 $40 {[%csl Gf6][%cal Rh6f8][%mdl 128] White is out for blood.} Qg7 56. Qxg7+ ({Don't take} 56. Rxd6 $6 Qxh6 57. Rxh6 Nxe4 $16) 56... Kxg7 57. Rxd6 g5 {[#]} (57... Ree7 {was worth a try.} 58. Rd8 Red7 59. Rxd7+ Nxd7) 58. Rh5 $1 Na6 (58... Kf8 $142 59. Rf6+ Kg7) 59. Rdh6 Kh8 60. d6 {[%cal Bd5d6,Bd6d7][%mdl 32]} Nb4 61. Bd1 Rf7 62. Bg4 Rxe4 63. d7 Rd4 64. Rxb6 Rf8 65. Rxg5 Nd5 66. Rc6 {White wants to mate with Rc8.} Ne3 67. Rc8 {Precision: White = 74%, Black = 57%.} 1-0

[Event "84th Annual Southwest Open"]
[Site "Irving"]
[Date "2018.09.03"]
[Round "7"]
[White "Nakar, Eylon"]
[Black "Preotu, Razvan"]
[Result "1/2-1/2"]
[WhiteElo "2461"]
[BlackElo "2513"]
[Annotator "TA"]
[PlyCount "53"]
[EventDate "2018.08.31"]
[EventType "swiss"]
[EventCountry "USA"]
[SourceTitle "playchess.com"]
[Source "ChessBase"]
[SourceQuality "1"]

{[%evp 24,53,52,19,32,31,22,24,31,6,27,18,25,22,21,17,45,27,33,29,75,44,57,67,106,58,53,31,25,27,40,39]} 1. e4 c5 2. Nf3 d6 3. Bb5+ Bd7 4. Bxd7+ Qxd7 5. c4 Nf6 6. Nc3 g6 7. d4 cxd4 8. Nxd4 Bg7 9. f3 O-O 10. Be3 Rc8 11. b3 e6 12. Qd2 Nc6 13. O-O (13. Nde2 {is interesting.} a6 14. Rd1 b5 15. cxb5 axb5 16. Nxb5 d5 17. O-O) 13... d5 {B52: Sicilian: Moscow Variation with 3...Bd7} 14. Nxc6 (14. exd5 exd5 15. c5 Ne8 16. Rad1 Nc7 17. Bf2 Rd8 18. Rfe1 Nxd4 19. Bxd4 Bxd4+ 20. Qxd4 Qc6 21. Re7 {1-0 (35) Kryvoruchko,Y (2671)-Ter Sahakyan,S (2580) Al Ain 2014}) 14... bxc6 15. e5 Ne8 $1 {White has an edge.} 16. f4 f6 17. exf6 Bxf6 18. Rad1 $36 {[%mdl 2048] White is more active.} Qg7 19. Na4 {[%cal Bc3a4,Ba4c5,Bc5d3][%mdl 32]} Rd8 20. Nc5 $146 ({Predecessor:} 20. cxd5 cxd5 21. Qe2 {0-1 (64) Luetke,J (2173)-Engels,N (2005) Germany 2017}) 20... Qe7 {[#] Hoping for ...d4.} 21. Qa5 e5 22. cxd5 {And now fxe5 would win.} cxd5 23. fxe5 Bxe5 24. Bf2 Ng7 25. Nd3 Bc7 26. Qc5 Qxc5 27. Nxc5 {Precision: White = 40%, Black = 69%.} 1/2-1/2

[Event "84th Annual Southwest Open"]
[Site "Irving"]
[Date "2018.09.03"]
[Round "7"]
[White "Javakhadze, Zurab"]
[Black "Raznikov, Danny"]
[Result "1/2-1/2"]
[WhiteElo "2438"]
[BlackElo "2498"]
[Annotator "TA"]
[PlyCount "41"]
[EventDate "2018.08.31"]
[EventType "swiss"]
[EventCountry "USA"]
[SourceTitle "playchess.com"]
[Source "ChessBase"]
[SourceQuality "1"]

{[%evp 24,41,0,-9,0,-6,0,0,0,0,0,0,0,-2,0,0,0,0,0,0]} 1. d4 d5 2. Nf3 Nf6 3. c4 c6 4. cxd5 cxd5 5. Nc3 Nc6 6. Bf4 Bf5 7. e3 e6 8. Bd3 Bxd3 9. Qxd3 Bd6 10. Bxd6 Qxd6 11. O-O O-O 12. Rfc1 Rfc8 13. Nd2 {LiveBook: 14 Partien. Die Stellung ist ausgeglichen. D14: Damengambit (Slawische Verteidigung, Abtauschvariante)} Ne7 14. Ne2 Rxc1+ 15. Rxc1 Rc8 16. Rxc8+ Nxc8 {[#]} 17. Qc2 $146 ({Vorgänger:} 17. h3 Nb6 18. b3 h6 19. Qc2 Ne8 20. Kf1 Qc7 21. Qxc7 Nxc7 {½-½ (37) Le,Q (2712)-Nguyen,N (2621) Dubai 2014}) 17... Ne7 18. g3 h5 19. h4 g6 20. Kg2 Qc6 21. Qxc6 1/2-1/2

[Event "84th Annual Southwest Open"]
[Site "Irving"]
[Date "2018.09.03"]
[Round "7"]
[White "Ostrovskiy, Aleksandr"]
[Black "Vivekananthan, Anish"]
[Result "1/2-1/2"]
[WhiteElo "2425"]
[BlackElo "2132"]
[Annotator "TA"]
[PlyCount "62"]
[EventDate "2018.08.31"]
[EventType "swiss"]
[EventCountry "USA"]
[SourceTitle "playchess.com"]
[Source "ChessBase"]
[SourceQuality "1"]

{[%evp 17,62,10,15,8,20,26,39,51,66,33,24,12,13,12,14,12,15,13,32,18,40,34,31,18,20,14,10,9,14,14,14,12,8,2,31,10,41,0,10,0,0,0,-11,-2,0,0,0]} 1. c4 Nf6 2. Nf3 e6 3. Nc3 d5 4. e3 Be7 5. b3 O-O 6. Bb2 b6 7. cxd5 {A13: English Opening: 1...e6} Nxd5 8. Nxd5 exd5 9. Be2 (9. Qc2 c5 10. a3 Nc6 11. Bb5 Bb7 12. O-O Rc8 13. Rac1 a6 14. Be2 d4 {½-½ (36) Carlsen,M (2843)-Karjakin,S (2782) Stavanger 2018}) 9... c5 {LiveBook: 3 Games} 10. d4 Be6 11. O-O Bd6 $146 ({Predecessor:} 11... Nd7 12. dxc5 bxc5 13. Qc2 Bf6 14. Rac1 Rc8 15. Rfd1 Qa5 16. Bxf6 Nxf6 17. Qb2 h6 18. Ra1 {½-½ (18) Alekseev,E (2616)-Grachev,B (2653) Serpukhov 2018}) 12. Rc1 Nd7 13. Qc2 Rc8 14. Qb1 Qe7 15. Rfd1 Rfd8 16. h3 h6 17. Qa1 {dxc5 is the strong threat.} Qf8 18. Ne1 cxd4 19. Bxd4 Nc5 20. b4 Ne4 21. a3 f6 22. Ba6 Rxc1 23. Rxc1 Qe8 24. Qa2 Kh8 25. Bd3 Qd7 26. Qe2 Qf7 27. Rc6 Bb8 {The position is equal.} 28. f4 Bd7 29. Rc1 Qg6 30. Qf3 Re8 31. Bb1 Rd8 {Precision: White = 64%, Black = 48%.} 1/2-1/2

[Event "84th Annual Southwest Open"]
[Site "Irving"]
[Date "2018.09.03"]
[Round "7"]
[White "Hilby, Craig"]
[Black "Matsenko, Sergei"]
[Result "1/2-1/2"]
[WhiteElo "2420"]
[BlackElo "2533"]
[Annotator "TA"]
[PlyCount "69"]
[EventDate "2018.08.31"]
[EventType "swiss"]
[EventCountry "USA"]
[SourceTitle "playchess.com"]
[Source "ChessBase"]
[SourceQuality "1"]

{[%evp 24,69,82,21,57,21,16,8,8,8,8,8,11,16,21,25,11,11,9,7,17,16,68,17,16,9,10,3,38,30,23,21,24,0,11,14,15,15,16,10,12,12,13,0,0,0,12,0]} 1. d4 Nf6 2. c4 e6 3. Nf3 d5 4. g3 dxc4 5. Bg2 a6 6. O-O Nc6 7. e3 Rb8 8. Nfd2 e5 {E04: Open Catalan: 5 Nf3} 9. Bxc6+ bxc6 10. dxe5 Ng4 11. Nxc4 Be6 12. Nbd2 Bb4 (12... h5 13. f3 Rb4 14. fxg4 Bxc4 15. Nxc4 Qxd1 16. Rxd1 Rxc4 {1-0 (40) Ding,L (2777)-Mamedyarov,S (2799) Huaian 2017}) 13. Qe2 {LiveBook: 3 Games} ({White should try} 13. b3 $16) 13... h5 {[%cal Bh7h5,Bh5h4][%mdl 32]} 14. f3 $146 ({Predecessor:} 14. h3 Bxd2 15. Bxd2 h4 16. hxg4 hxg3 17. fxg3 {0-1 (45) Muzychuk,M (2491)-Kosteniuk,A (2510) Warsaw 2013}) 14... Bxd2 $1 15. Bxd2 h4 16. fxg4 hxg3 {[#] aiming for ...Qd5.} 17. b3 Rxh2 18. Qf3 $1 {[%csl LRc6,LRg3] Strongly threatening Be1.} Rxd2 19. Nxd2 Qxd2 {[%csl Gg3][%cal Rd2h2]} 20. Qxg3 Rb4 21. Rf4 Rxf4 22. Qxf4 $11 {[%mdl 4096] Endgame KQR-KQB} Bd5 (22... Qb2 $11 23. Rf1 Qxa2) 23. Qg3 (23. Qf2 $14 Qb4 24. Qg3 (24. Qf5 Qd2 $14)) 23... Qb2 24. Re1 {next e6 is good for White.} Qxa2 25. e6 Bxe6 26. Qxc7 Qc2 27. Qb8+ Ke7 28. Qc7+ Ke8 {The position is equal.} 29. Qe5 Qxb3 30. Qxg7 Qb4 31. Qh8+ Ke7 32. Qh4+ Ke8 33. Qh8+ Ke7 34. Qh4+ Ke8 35. Qh8+ {Precision: White = 37%, Black = 64%.} 1/2-1/2